[Event "Peristeri IRT 7th"]
[Site "Peristeri"]
[Date "2017.10.31"]
[Round "7.3"]
[White "Kalofonos, Panayotis"]
[Black "Kostopoulos, Vasilios"]
[Result "0-1"]
[WhiteElo "1982"]
[BlackElo "2037"]
[PlyCount "58"]
[EventDate "2017.09.19"]
[EventType "tourn"]
[EventRounds "7"]
[EventCountry "GRE"]
[SourceTitle "EXT 2024"]
[Source "ChessBase"]
[SourceDate "2023.10.10"]
[SourceVersion "1"]
[SourceVersionDate "2023.10.10"]
[SourceQuality "1"]

1. e4 d6 2. d4 Nf6 3. Nc3 g6 4. f3 c6 5. Be3 Qb6 6. Qd2 Qxb2 7. Rb1 Qa3 8. e5 Nd5 9. Nxd5 cxd5 10. Rb3 Qxa2 11. exd6 Qa1+ 12. Kf2 exd6 13. Bb5+ Nc6 14. Nh3 Qxh1 15. Bf1 Bg7 16. c3 0-0 17. Bf4 Re8 18. Ng1 Na5 19. Ra3 Nc4 20. Bxc4 dxc4 21. Bxd6 Bf5 22. Ra1 Bd3 23. Re1 Rxe1 24. Qxe1 h5 25. Bg3 Bf6 26. h3 a5 27. Qd2 a4 28. Qa2 b5 29. Qb2 a3 0-1

[Event "Peristeri IRT 7th"]
[Site "Peristeri"]
[Date "2017.10.10"]
[Round "4"]
[White "Kostopoulos, Vasilios"]
[Black "Alexakis, Dimitrios"]
[Result "1-0"]
[WhiteElo "2037"]
[BlackElo "2067"]
[PlyCount "135"]
[EventDate "2017.09.19"]
[EventType "tourn"]
[EventRounds "7"]
[EventCountry "GRE"]
[SourceTitle "EXT 2024"]
[Source "ChessBase"]
[SourceDate "2023.10.10"]
[SourceVersion "1"]
[SourceVersionDate "2023.10.10"]
[SourceQuality "1"]

1. d4 Nf6 2. c4 c5 3. d5 b5 4. Qc2 bxc4 5. e4 g6 6. Nf3 Bg7 7. Bxc4 0-0 8. 0-0 d6 9. h3 Nbd7 10. Nc3 Nb6 11. Be2 a5 12. Rd1 Nfd7 13. Bf4 Bb7 14. Rab1 Qb8 15. b3 f5 16. Ng5 fxe4 17. Ne6 Bxc3 18. Qxc3 Rf7 19. Bc4 Nf6 20. Bg3 Nfxd5 21. Qe1 Nxc4 22. bxc4 Nc7 23. Ng5 Rf6 24. Qc3 Qc8 25. Re1 e5 26. Qb2 Bc6 27. Nxe4 Bxe4 28. Rxe4 Ne6 29. Qd2 Qc6 30. Ree1 Nd4 31. Qg5 Rf5 32. Qe7 Rf7 33. Qg5 Raf8 34. Qd2 a4 35. Qd3 Kg7 36. Rb2 Nf5 37. Bh2 Nh4 38. Re4 Nf5 39. Re1 Re8 40. Reb1 Nd4 41. Rb6 Qd7 42. Qe4 Qe6 43. Rc1 Kg8 44. Bg3 Ref8 45. Ra6 d5 46. Qxd4 Qxa6 47. Qxd5 Re8 48. Bxe5 Qe6 49. f4 Qxd5 50. cxd5 Rc8 51. Rc4 Ra7 52. Kf2 Kf7 53. Kf3 Ke7 54. Ke4 Rb7 55. a3 Ra7 56. g4 Kd7 57. f5 gxf5+ 58. gxf5 Ra5 59. f6 Rca8 60. Kf5 Rf8 61. Rg4 c4 62. Rg7+ Kc8 63. Ke6 Re8+ 64. Re7 Rf8 65. f7 Ra6+ 66. d6 Ra8 67. d7+ Kd8 68. Re8+ 1-0

[Event "Ambelokipi op 154th"]
[Site "Athens"]
[Date "2015.06.29"]
[Round "1"]
[White "Kostopoulos, Vasilios"]
[Black "Synetos, Dionysios"]
[Result "1-0"]
[WhiteElo "2034"]
[BlackElo "1515"]
[PlyCount "113"]
[EventDate "2015.06.29"]
[EventType "swiss"]
[EventRounds "7"]
[EventCountry "GRE"]
[SourceTitle "EXT 2024"]
[Source "ChessBase"]
[SourceDate "2023.10.10"]
[SourceVersion "1"]
[SourceVersionDate "2023.10.10"]
[SourceQuality "1"]

1. e4 d5 2. e5 Bf5 3. d4 e6 4. Nf3 c5 5. Be2 cxd4 6. Nxd4 Bg6 7. h4 h6 8. h5 Bh7 9. c3 Nc6 10. Nxc6 bxc6 11. Nd2 Qc7 12. Nf3 Bc5 13. b4 Bb6 14. a4 Qd7 15. a5 Bc7 16. Be3 Ne7 17. 0-0 0-0 18. Bf4 c5 19. bxc5 Rab8 20. Nd4 Rb2 21. Bc1 Rbb8 22. f4 Rfd8 23. Bd3 Bxd3 24. Qxd3 Nc6 25. Nxc6 Qxc6 26. Be3 Qb5 27. Qxb5 Rxb5 28. Rfb1 Rdb8 29. Rxb5 Rxb5 30. a6 Kf8 31. Ra4 Ke8 32. Rb4 Rb8 33. Rxb8+ Bxb8 34. c6 Kd8 35. Bc5 f6 36. Kf2 fxe5 37. fxe5 Bxe5 38. Bxa7 Kc7 39. Bd4 Bxd4+ 40. cxd4 Kxc6 41. Ke3 Kb6 42. Kf4 Kxa6 43. Ke5 Kb5 44. Kxe6 Kc6 45. g3 Kc7 46. Kxd5 Kd7 47. g4 Ke7 48. Kc6 Kf6 49. d5 Kg5 50. d6 Kxg4 51. d7 Kxh5 52. d8Q g5 53. Kd5 Kh4 54. Ke4 Kh5 55. Kf5 Kh4 56. Qh8 Kh5 57. Qg7 1-0

[Event "Ambelokipi op 148th"]
[Site "Athens"]
[Date "2014.10.29"]
[Round "7"]
[White "Gripeos, Kiriakos"]
[Black "Kostopoulos, Vasilios"]
[Result "0-1"]
[WhiteElo "2066"]
[BlackElo "2062"]
[PlyCount "96"]
[EventDate "2014.09.17"]
[EventType "swiss"]
[EventRounds "7"]
[EventCountry "GRE"]
[SourceTitle "EXT 2016"]
[Source "ChessBase"]
[SourceDate "2015.10.08"]
[SourceVersion "1"]
[SourceVersionDate "2015.10.08"]
[SourceQuality "1"]

1. e4 d6 2. d4 Nf6 3. Nc3 g6 4. Nf3 Bg7 5. Be2 0-0 6. 0-0 Nc6 7. d5 Ne5 8. Nxe5 dxe5 9. Be3 e6 10. Bc5 Re8 11. d6 c6 12. a4 b6 13. Ba3 a5 14. Qd2 Nd7 15. Rad1 Bb7 16. Qe3 Rf8 17. Bc4 Bf6 18. g3 Ba6 19. Bxa6 Rxa6 20. f4 exf4 21. gxf4 Bxc3 22. Qxc3 b5 23. axb5 cxb5 24. b4 axb4 25. Bxb4 Ra4 26. Ra1 Qb6+ 27. Kg2 Qb7 28. Rxa4 Qxe4+ 29. Kg1 bxa4 30. Ba3 Qd5 31. Qc7 Qd4+ 32. Kh1 Qe4+ 33. Kg1 Qe3+ 34. Kg2 Qxa3 35. Qxd7 Qa2 36. Qc7 Qd5+ 37. Kg1 a3 38. c4 Qd4+ 39. Kg2 a2 40. d7 Qb2+ 41. Kg1 a1Q 42. d8Q Qaa2 43. Qxf8+ Kxf8 44. Qc5+ Kg7 45. Rf2 Qaa1+ 46. Kg2 Qbb1 47. Kf3 Qh1+ 48. Ke3 Qc3+ 0-1

[Event "Ambelokipi op 142nd"]
[Site "Athens"]
[Date "2014.04.09"]
[Round "6"]
[White "Loupos, Vasilios"]
[Black "Kostopoulos, Vasilios"]
[Result "1/2-1/2"]
[WhiteElo "2037"]
[BlackElo "2054"]
[PlyCount "104"]
[EventDate "2014.03.05"]
[EventType "swiss"]
[EventRounds "7"]
[EventCountry "GRE"]
[SourceTitle "EXT 2016"]
[Source "ChessBase"]
[SourceDate "2015.10.08"]
[SourceVersion "1"]
[SourceVersionDate "2015.10.08"]
[SourceQuality "1"]

1. d4 Nf6 2. c4 g6 3. Nc3 Bg7 4. e4 d6 5. Nge2 0-0 6. Ng3 e5 7. d5 a5 8. h4 h5 9. Bg5 Nbd7 10. Be2 Nc5 11. Bxh5 gxh5 12. Nxh5 Bg4 13. Nxf6+ Qxf6 14. Bxf6 Bxd1 15. Bxg7 Nd3+ 16. Kd2 Kxg7 17. Kxd3 Bh5 18. g4 Bg6 19. h5 Bh7 20. g5 c6 21. Rag1 Rab8 22. a4 Ra8 23. f3 Ra6 24. Rg3 Rb6 25. Kc2 Rc8 26. b3 Rb4 27. Kb2 Ra8 28. Rd1 Rb8 29. Rg2 Rb6 30. Rgd2 Bg8 31. Rd3 f6 32. g6 Kh6 33. Rh1 Rb4 34. Rd2 Rf8 35. Rg2 f5 36. g7 Rf6 37. exf5 Rxf5 38. Ne4 cxd5 39. Rg6+ Kh7 40. cxd5 Rxh5 41. Rxh5+ Kxg6 42. Rg5+ Kh6 43. Rg3 Bxd5 44. Nf6 Bxb3 45. Kc3 Be6 46. g8Q Bxg8 47. Nxg8+ Kh7 48. Nf6+ Kh6 49. Rg4 b5 50. Rxb4 axb4+ 51. Kxb4 bxa4 52. Kxa4 Kg5 1/2-1/2

[Event "Ambelokipi op 142nd"]
[Site "Athens"]
[Date "2014.03.26"]
[Round "4"]
[White "Dimitriou, Georgios"]
[Black "Kostopoulos, Vasilios"]
[Result "1/2-1/2"]
[WhiteElo "2120"]
[BlackElo "2054"]
[PlyCount "70"]
[EventDate "2014.03.05"]
[EventType "swiss"]
[EventRounds "7"]
[EventCountry "GRE"]
[SourceTitle "EXT 2016"]
[Source "ChessBase"]
[SourceDate "2015.10.08"]
[SourceVersion "1"]
[SourceVersionDate "2015.10.08"]
[SourceQuality "1"]

1. e4 d6 2. d4 Nf6 3. Nc3 g6 4. Be3 c6 5. f3 b5 6. Qd2 a6 7. h4 h6 8. Nh3 Nbd7 9. 0-0-0 Nb6 10. Nf4 e6 11. Qf2 d5 12. e5 Ng8 13. h5 g5 14. Nh3 f5 15. exf6 Nxf6 16. Bd3 Kd7 17. g4 Bd6 18. Kb1 Nc4 19. Rde1 Qa5 20. Bc1 Kc7 21. f4 gxf4 22. Nxf4 Nxg4 23. Qh4 e5 24. Ng6 Re8 25. Bxc4 bxc4 26. Nxe5 Nxe5 27. dxe5 Bb4 28. e6 Bxc3 29. Qf4+ Kb6 30. bxc3 Bxe6 31. Qd4+ Qc5 32. Qg7 Ka5 33. Qc7+ Qb6+ 34. Qxb6+ Kxb6 35. Bxh6 Bg4 1/2-1/2

[Event "Ambelokipi op 142nd"]
[Site "Athens"]
[Date "2014.03.05"]
[Round "1"]
[White "Kostopoulos, Vasilios"]
[Black "Fitrakis, Emmanouil Panagioti"]
[Result "1-0"]
[WhiteElo "2054"]
[BlackElo "1554"]
[PlyCount "75"]
[EventDate "2014.03.05"]
[EventType "swiss"]
[EventRounds "7"]
[EventCountry "GRE"]
[SourceTitle "EXT 2016"]
[Source "ChessBase"]
[SourceDate "2015.10.08"]
[SourceVersion "1"]
[SourceVersionDate "2015.10.08"]
[SourceQuality "1"]

1. d4 d5 2. c4 e6 3. Nf3 Nf6 4. g3 Be7 5. Bg2 0-0 6. 0-0 Nc6 7. b3 Re8 8. Bb2 Bd6 9. c5 Bf8 10. a3 h6 11. b4 a6 12. Nbd2 e5 13. Nxe5 Nxe5 14. dxe5 Ng4 15. Nf3 h5 16. h3 Nh6 17. Nh4 c6 18. e4 g5 19. Nf5 Nxf5 20. exf5 Bxf5 21. Qxh5 Bg6 22. Qg4 Bg7 23. f4 gxf4 24. gxf4 Kh8 25. f5 Bh7 26. f6 Bh6 27. Qh5 Be3+ 28. Kh1 Rg8 29. Rae1 Rxg2 30. Kxg2 d4 31. Qxf7 Be4+ 32. Kh2 Qg8 33. Qg7+ Qxg7 34. fxg7+ Kxg7 35. Bxd4 Bd3 36. Bxe3 Bxf1 37. Rxf1 Rf8 38. Bh6+ 1-0

[Event "Nea Filadelfia Autumn"]
[Site "Nea Filadelfia"]
[Date "2012.10.25"]
[Round "6"]
[White "Seretakis, Nikolas"]
[Black "Kostopoulos, Vasilios"]
[Result "1-0"]
[WhiteElo "2191"]
[BlackElo "2034"]
[PlyCount "51"]
[EventDate "2012.09.20"]
[EventType "tourn"]
[EventRounds "9"]
[EventCountry "GRE"]
[SourceTitle "EXT 2019"]
[Source "ChessBase"]
[SourceDate "2018.10.10"]
[SourceVersion "1"]
[SourceVersionDate "2018.10.10"]
[SourceQuality "1"]

1. e4 c5 2. Nf3 Nc6 3. d4 cxd4 4. Nxd4 e6 5. Nc3 Qc7 6. Be2 a6 7. a3 Nf6 8. Be3 Rb8 9. 0-0 Be7 10. f4 d6 11. Qe1 b5 12. Qg3 0-0 13. Kh1 Bb7 14. Rad1 Na5 15. e5 Ne8 16. f5 dxe5 17. fxe6 exd4 18. Bf4 Bd6 19. Rxd4 Bxf4 20. Rdxf4 f6 21. Bd3 Rd8 22. Bxh7+ Kxh7 23. Rh4+ Kg8 24. Qh3 Bxg2+ 25. Kxg2 Rd2+ 26. Kf3 1-0

[Event "Athens Autumn"]
[Site "Athens"]
[Date "2011.11.17"]
[Round "5.2"]
[White "Mbaskas, Vangelis"]
[Black "Kostopoulos, Vasilios"]
[Result "1-0"]
[WhiteElo "1984"]
[BlackElo "2067"]
[PlyCount "46"]
[EventDate "2011.10.20"]
[EventType "swiss"]
[EventRounds "6"]
[EventCountry "GRE"]
[SourceTitle "EXT 2024"]
[Source "ChessBase"]
[SourceDate "2023.10.10"]
[SourceVersion "1"]
[SourceVersionDate "2023.10.10"]
[SourceQuality "1"]

1. e4 d6 2. d4 Nf6 3. Nc3 g6 4. h3 Bg7 5. Nf3 c6 6. Bd3 0-0 7. 0-0 Nbd7 8. Be3 Qc7 9. Ne2 e5 10. c3 d5 11. Ng3 dxe4 12. Nxe4 Nxe4 13. Bxe4 f5 14. Bc2 e4 15. Bb3+ Kh8 16. Ng5 Nf6 17. f4 Qe7 18. h4 h6 19. Nh3 Ng4 20. Qe1 Nxe3 21. Qxe3 Qxh4 22. Kh2 Qf6 23. Rh1 Qe6 1-0

[Event "Athens Autumn"]
[Site "Athens"]
[Date "2011.11.10"]
[Round "4.5"]
[White "Kostopoulos, Vasilios"]
[Black "Raptakis, Solon"]
[Result "1-0"]
[WhiteElo "2067"]
[BlackElo "1993"]
[PlyCount "71"]
[EventDate "2011.10.20"]
[EventType "swiss"]
[EventRounds "6"]
[EventCountry "GRE"]
[SourceTitle "EXT 2024"]
[Source "ChessBase"]
[SourceDate "2023.10.10"]
[SourceVersion "1"]
[SourceVersionDate "2023.10.10"]
[SourceQuality "1"]

1. d4 b5 2. Nf3 Bb7 3. e3 a6 4. a4 b4 5. c4 bxc3 6. bxc3 e6 7. Bd3 Nf6 8. Nbd2 d5 9. Rb1 Ra7 10. 0-0 Nbd7 11. Qe2 Ne4 12. Bb2 Bd6 13. c4 Nxd2 14. Nxd2 c6 15. e4 Bf4 16. exd5 cxd5 17. Ba3 Qa5 18. Bb4 Qc7 19. g3 Bd6 20. cxd5 Bxb4 21. dxe6 Be7 22. exd7+ Qxd7 23. Rfe1 Bc8 24. Nf3 0-0 25. a5 Qd5 26. Bc4 Qh5 27. Qe3 Bf6 28. d5 Re7 29. Qf4 Bg4 30. Rxe7 Bxe7 31. Ne5 Be2 32. g4 Bxg4 33. Nxg4 Qh4 34. Qg3 Qh5 35. Qf3 Bf6 36. Nxf6+ 1-0

[Event "Athens Autumn"]
[Site "Athens"]
[Date "2011.10.27"]
[Round "2.5"]
[White "Nakas, Spyridon"]
[Black "Kostopoulos, Vasilios"]
[Result "1/2-1/2"]
[WhiteElo "1911"]
[BlackElo "2067"]
[PlyCount "70"]
[EventDate "2011.10.20"]
[EventType "swiss"]
[EventRounds "6"]
[EventCountry "GRE"]
[SourceTitle "EXT 2024"]
[Source "ChessBase"]
[SourceDate "2023.10.10"]
[SourceVersion "1"]
[SourceVersionDate "2023.10.10"]
[SourceQuality "1"]

1. e4 c5 2. Nf3 Nc6 3. Bb5 d6 4. 0-0 Bd7 5. Qe2 e6 6. c4 Nf6 7. Nc3 Be7 8. Bxc6 Bxc6 9. d4 cxd4 10. Nxd4 0-0 11. Rd1 Qa5 12. Bd2 Qb6 13. Be3 Qa5 14. f3 a6 15. a3 Bd7 16. b4 Qh5 17. Qd3 Ne8 18. Nce2 g5 19. g4 Qh3 20. Ng3 Ng7 21. Qd2 f6 22. Qg2 Qh6 23. c5 Ba4 24. cxd6 Bxd6 25. Rdc1 Bf4 26. Qa2 Rae8 27. Rc5 Kh8 28. Rac1 Qg6 29. Qf2 Bd6 30. R5c3 h5 31. h3 Bd7 32. Qg2 Be5 33. Rc5 Bd6 34. R5c3 Be5 35. Rc5 Bd6 1/2-1/2

[Event "Ambelokipi op 105th"]
[Site "Athens"]
[Date "2010.05.08"]
[Round "1"]
[White "Karystianos, Petros"]
[Black "Kostopoulos, Vasilios"]
[Result "0-1"]
[WhiteElo "1506"]
[BlackElo "2054"]
[PlyCount "32"]
[EventDate "2010.05.08"]
[EventType "swiss"]
[EventRounds "5"]
[EventCountry "GRE"]
[SourceTitle "EXT 2024"]
[Source "ChessBase"]
[SourceDate "2023.10.10"]
[SourceVersion "1"]
[SourceVersionDate "2023.10.10"]
[SourceQuality "1"]

1. e4 d6 2. d4 Nf6 3. Nc3 g6 4. Bc4 Bg7 5. Nf3 0-0 6. 0-0 Nc6 7. Qe2 Bg4 8. Be3 e5 9. d5 Nd4 10. Bxd4 exd4 11. Nb5 Nh5 12. Qd1 Nf4 13. h3 Bh5 14. g4 Nxh3+ 15. Kh1 Bxg4 16. Nbxd4 Bxd4 0-1

[Event "Foivitika op"]
[Site "Foivitika"]
[Date "2009.11.18"]
[Round "6"]
[White "Kostopoulos, Vasilios"]
[Black "Goumas, Georgios"]
[Result "1/2-1/2"]
[WhiteElo "2020"]
[BlackElo "2307"]
[PlyCount "95"]
[EventDate "2009.11.21"]
[EventType "swiss"]
[EventRounds "7"]
[EventCountry "GRE"]
[SourceTitle "EXT 2024"]
[Source "ChessBase"]
[SourceDate "2023.10.10"]
[SourceVersion "1"]
[SourceVersionDate "2023.10.10"]
[SourceQuality "1"]

1. d4 d6 2. c4 e5 3. dxe5 dxe5 4. Qxd8+ Kxd8 5. Bd2 Be6 6. e3 c6 7. Nc3 Na6 8. Nf3 f6 9. Be2 g5 10. 0-0 Ne7 11. Rfd1 Ke8 12. Ne1 h5 13. Nc2 Nf5 14. Ne4 Kf7 15. Bc3 Nc5 16. Nxc5 Bxc5 17. Ba5 g4 18. b3 Rag8 19. Bb4 Bb6 20. c5 Bc7 21. e4 Nd4 22. Nxd4 exd4 23. Rac1 Be5 24. Bc4 h4 25. Bxe6+ Kxe6 26. Rd3 g3 27. fxg3 hxg3 28. h3 Bf4 29. Bd2 Bxd2 30. Rxd2 Ke5 31. Rf1 Rh4 32. Rf5+ Kxe4 33. Rxf6 Ke3 34. Rd1 Ke2 35. Rff1 Ke3 36. Rfe1+ Kf4 37. Rxd4+ Kg5 38. Rxh4 Kxh4 39. Re4+ Kh5 40. Re7 Rd8 41. Kf1 Rf8+ 42. Ke2 Rf2+ 43. Ke3 Rxg2 44. Kf3 Rxa2 45. Kxg3 Rc2 46. Rxb7 Rxc5 47. Rxa7 Rc3+ 48. Kf4 1/2-1/2